Anthropological insights for missionaries / (Record no. 1202)
[ view plain ]
| 000 -LEADER | |
|---|---|
| fixed length control field | 00894nam a2200277 a 4500 |
| 001 - CONTROL NUMBER | |
| control field | 2862212 |
| 003 - CONTROL NUMBER IDENTIFIER | |
| control field | GBCCL |
| 005 - DATE AND TIME OF LATEST TRANSACTION | |
| control field | 20241126110355.0 |
| 008 - FIXED-LENGTH DATA ELEMENTS--GENERAL INFORMATION | |
| fixed length control field | 850327s1985 miua b 001 0 eng |
| 010 ## - | |
| -- | 85071177 |
| 020 ## - INTERNATIONAL STANDARD BOOK NUMBER | |
| International Standard Book Number | 0801042917 (pbk.) : |
| Terms of availability | $13.95 |
| 040 ## - CATALOGING SOURCE | |
| Original cataloging agency | DLC |
| Transcribing agency | DLC |
| Modifying agency | DLC |
| 050 00 - | |
| -- | BV2063 |
| -- | .H45 1985 |
| 082 00 - DEWEY DECIMAL CLASSIFICATION NUMBER | |
| Classification number | 266.001 |
| Edition information | 19 |
| Item number | HIE |
| 100 1# - MAIN ENTRY--PERSONAL NAME | |
| Personal name | Hiebert, Paul G., |
| Dates associated with a name | 1932- |
| 9 (RLIN) | 2217 |
| 245 10 - TITLE STATEMENT | |
| Title | Anthropological insights for missionaries / |
| Statement of responsibility, etc. | Paul G. Hiebert. |
| 260 ## - PUBLICATION, DISTRIBUTION, ETC. | |
| Place of publication, distribution, etc. | Grand Rapids, Mich. : |
| Name of publisher, distributor, etc. | Baker Book House, |
| Date of publication, distribution, etc. | c1985., 2001 |
| 300 ## - PHYSICAL DESCRIPTION | |
| Extent | 315 p. : |
| Other physical details | ill. ; |
| Dimensions | 23 cm. |
| 500 ## - GENERAL NOTE | |
| General note | Includes index. |
| 504 ## - BIBLIOGRAPHY, ETC. NOTE | |
| Bibliography, etc. note | Bibliography: p. 299-305. |
| 650 #0 - SUBJECT ADDED ENTRY--TOPICAL TERM | |
| Topical term or geographic name entry element | Missions |
| General subdivision | Anthropological aspects. |
| 9 (RLIN) | 2221 |
| 650 #0 - SUBJECT ADDED ENTRY--TOPICAL TERM | |
| Topical term or geographic name entry element | Christianity and culture. |
| 9 (RLIN) | 886 |
| 650 #0 - SUBJECT ADDED ENTRY--TOPICAL TERM | |
| Topical term or geographic name entry element | Intercultural communication. |
| 9 (RLIN) | 2233 |
| 906 ## - LOCAL DATA ELEMENT F, LDF (RLIN) | |
| a | 7 |
| b | cbc |
| c | orignew |
| d | 3 |
| e | opcn |
| f | 19 |
| g | y-gencatlg |
| 942 ## - ADDED ENTRY ELEMENTS (KOHA) | |
| Source of classification or shelving scheme | Dewey Decimal Classification |
| Koha item type | Books |
| Koha issues (borrowed), all copies | 31 |
| Withdrawn status | Lost status | Source of classification or shelving scheme | Damaged status | Not for loan | Home library | Current Library | Shelving location | Date acquired | Total checkouts | Total renewals | Full call number | Barcode | Date last seen | Date last checked out | Copy number | Price effective from | Koha item type |
|---|---|---|---|---|---|---|---|---|---|---|---|---|---|---|---|---|---|
| Dewey Decimal Classification | GRACE BIBLE COLLEGE | GRACE BIBLE COLLEGE | Ministry & Mission | 2017-04-20 | 20 | 5 | 266.001 HIE | 009958 | 2025-05-01 | 2024-09-18 | c.2 | 2017-04-20 | Books | ||||
| Dewey Decimal Classification | GRACE BIBLE COLLEGE | GRACE BIBLE COLLEGE | Ministry & Mission | 2017-05-22 | 14 | 16 | 266.001 HIE | 009957 | 2025-09-26 | 2025-09-23 | c.1 | 2017-05-22 | Books |